00463 2200181 4500001002100000005001500021035002000036007000300056008004100059020001800100082001200118084001800130100001600148245003600164260003100200300003300231650001700264INLIS00000000000142020260428031159 a0010-0426000003ta260428 1 ind  a9786340491364 a895.635 a895.635 OSA n0 aOsamu Dazai1 aNo Longer Human /cDazai, Osamu aYogyakarta :bSigma,c2026 a152 hlm :bilus, ;c19x13 cm aFIKSI JEPANG